Año 1000, año 2000: la huella de nuestros miedos

Salvato in:
Dettagli Bibliografici
Autore principale: Duby, Georges (Autore)
Natura: Libro
Lingua:spagnolo
Pubblicazione: Barcelona Andrés Bello 1995
Soggetti:
Tags: Aggiungi Tag
Nessun Tag, puoi essere il primo ad aggiungerne!!

MARC

LEADER 00000cam a2200000 a 4500
001 UCU3306
003 CL-VaPUC
008 960510e19950000SP |||||||||||||||||spa|d
082 0 4 |a 152.46  |b DUB  |2 21 
100 0 |a Duby, Georges  |e author  |9 360186 
245 1 0 |a Año 1000, año 2000: la huella de nuestros miedos 
300 |a 141 p 
942 |c BK 
945 |d 19960510 00:00:00  |a rbrito 
260 |a Barcelona  |b Andrés Bello  |c 1995 
650 0 |a Miedo   |9 307306 
650 0 |a Aspectos psicológicos  |9 258128 
650 0 |a Psicología   |9 257863 
650 0 |a Edad media  |9 258041 
650 0 |a Pobreza  |9 258652 
650 0 |a Epidemias  |9 342402 
650 0 |a Violencia  |9 255411 
650 0 |a Muerte  |9 265114 
583 |a last modification  |c 20150416 15:37:55  |k Rodrigo Vera 
999 |c 247364  |d 247362 
952 |0 0  |1 0  |4 0  |6 152_460000000000000_DUB_1995  |7 0  |8 A  |9 263246  |a BIBART  |b BIBART  |d 2019-11-19  |i 3187705  |o 152.46 DUB 1995  |p 3187705  |r 2025-03-13  |w 2019-11-19  |y BK  |k ART 
952 |0 0  |1 0  |4 0  |6 152_460000000000000_DUB_1995  |7 0  |8 A  |9 263247  |a BIBHIS  |b BIBHIS  |d 2019-11-19  |i 3647951  |o 152.46 DUB 1995  |p 3647951  |r 2025-01-20  |w 2019-11-19  |y BK  |k HIS